| 000 | 00798cam a2200205 4500 | ||
|---|---|---|---|
| 001 | WB3708-06 | ||
| 008 | 000000n2001 000 0 eng u | ||
| 035 | _a(Sirsi) u111069 | ||
| 245 | 4 | _aThe waiting is almost over | |
| 260 | _c2001 | ||
| 490 |
_aDaily Telegraph _v 17 February 2001, B17(1) |
||
| 520 | _aSufferers from asbestos-related illnesses should start to receive compensation payments from May onwards. This is after a deal with the creditors of the company dealing with their claims - Chester Street Insurance Holdings. | ||
| 590 | _aWB | ||
| 650 | _aMANAGEMENT-HEALTH AND SAFETY-HAZARDOUS SUBSTANCES-ASBESTOS | ||
| 650 | _aCHESTER STREET INSURANCE HOLDINGS | ||
| 650 | _aINSURANCE CLAIMS | ||
| 650 | _aCREDITORS | ||
| 690 | _aENVIRONMENTAL AND LAND CONSULTANCY | ||
| 942 | _n0 | ||
| 999 |
_c66171 _d66171 |
||